Music Quiz

Random Music or Song Quiz

Song Title Lyrics Quiz Stats

 Plays Quiz Updated Jun 5, 2012

Also try: Title Not in Song
Challenge
Share
Tweet
Embed
Score 0/25 Timer 07:00
1 Play Today
Song Line Song Title % Correct
...sing us a song tonight. Well, we're all in the mood for a melody. (2 words)Piano Man
84.2%
...Every move you make. Every bond you break. (4 words)Every Breath You Take
69.1%
...you had a boyfriend, who looked like a girlfriend, that I had in February of last year. (3 words)Somebody Told Me
44%
...You gotta rub me the right way. If you want to be with me. (4 words)Genie in a Bottle
43.1%
...oh oh, and you're Mary Tyler Moore. I don't care what they say about us anyway. (2 words)Buddy Holly
37.9%
...baby at your breast. Wonder how you manage to feed the rest. (2 words)Lady Madonna
37.8%
...Never knowing who to cling to, when the rain set in. (4 words)Candle in the Wind
33.3%
...under my feet. I feel the sky tumbling down. (5 words)I Feel the Earth Move
33.1%
...it'll soon be here. It'll be, better than before. Yesterday's gone, yesterday's gone. (2 words)Don't Stop
32.8%
...True care, truth brings. I'll take, one lift. Your ride, best trip. (4 words)All the Small Things
31.1%
...but I'm holding on. I'm gonna be your number one. (4 words)The Tide is High
28.3%
...When I hear that old song they used to play. I begin dreaming, 'til I see Marianne walk away. (4 words)More Than a Feeling
26.5%
...I'll only fly away. I don't know where my soul is. (4 words)I'm Like a Bird
25.2%
Song Line Song Title % Correct
...how come you taste so good? (2 words)Brown Sugar
25.2%
...Not much longer would you be mine. (6 words)I Heard it Through the Grapevine
25.1%
...I see, trouble on the way. I see, earthquakes and lightnin'. (3 words)Bad Moon Rising
24.8%
...They're watching you. They see your every move. (2 Words)Private Eyes
24.7%
...Oh, it must have been while you were kissing me. (9 words)You Took the Words Right Out of My Mouth
18.1%
...I hit the sack. I've been too long, I'm glad to be back. (3 words)Back in Black
15.9%
...running blind. Running into the sun, but I'm running behind. (3 words)Running on Empty
15.6%
...it's a crime. Share it fairly, but don't take a slice of my pie. (1 word)Money
13.7%
...It's the only one you own. You might use it if you feel better, when you get home. (5 words)Rikki Don't Lose that Number
10.3%
...Were lines that I couldn't change. I was lost, oh yeah. (3 words)In My Place
7.9%
...makes a man, take things over. (1 word)Fame
6.4%
...She ain't no human being. There is no future. (4 words)God Save the Queen
5.2%

You're not logged in!

Compare scores with friends on all Sporcle quizzes.
Join for Free
OR
Log In

You Might Also Like...

Show Comments

Extras

Top Quizzes Today


Score Distribution

Your Account Isn't Verified!

In order to create a playlist on Sporcle, you need to verify the email address you used during registration. Go to your Sporcle Settings to finish the process.

Report this User

Report this user for behavior that violates our Community Guidelines.

Details: